| 000 | 00674nam a2200205 i 4500 | ||
|---|---|---|---|
| 001 | 60612 | ||
| 003 | ES-MaACL | ||
| 005 | 20230906164254.0 | ||
| 007 | t| | ||
| 008 | 031105s1978 sp ||||1| spa d | ||
| 100 | 1 |
_aEspinosa, Juan de. _947888 |
|
| 245 | 1 | 0 |
_aTractado de principios de música práctica y teórica sin dejar ninguna cosa atrás / _ccompuesto por Joannes de Spinosa. |
| 260 |
_aMadrid : _bJoyas Bibliográficas, _c1978. |
||
| 300 |
_a36 h. ; _c24 cm. |
||
| 490 | 1 | _aViejos libros de música | |
| 500 | _aToledo, Guillem de Brocar, 1520. | ||
| 830 | 0 |
_aViejos libros de música _9182867 |
|
| 852 |
_aES-MaACL _jA-9009 _bR.98170 |
||
| 999 |
_c60612 _d60612 |
||